| 000 | 00603nam a2200193 4500 | ||
|---|---|---|---|
| 001 | FRBNF37624795000000X | ||
| 003 | http://catalogue.bnf.fr/ark:/12148/cb376247956 | ||
| 005 | 20250728182238.0 | ||
| 008 | kl | ||
| 020 | _a0802822487 | ||
| 050 |
_aPA 881 _bTHE |
||
| 100 | _a20001128d1995 m y0frey50 ba | ||
| 245 |
_aTHEOLOGICAL DICTIONARY OF THE NEW TESTAMENT _cGERHARD KITTEL & GERHARD FRIEDRICH |
||
| 260 |
_aMICHIGAN _bWM.B. EERDMANS _cc1999 |
||
| 300 | _aÉd. intellectuel à partir du vol. 5 : Gerhard Friedrich | ||
| 300 | _axvi,1003p.; | ||
| 300 | _aNotes bibliogr. | ||
| 942 |
_2lcc _cREF _n0 |
||
| 999 |
_c7205 _d7205 |
||